000 00422nam a2200109Ia 4500
008 160909s9999 xx 000 0 und d
100 _aDavidson, Julia Rose
245 _aListening to the Dancing Body: Understanding the Dancing Body as Performative Agent within the Choreographic Process
260 _bMills College.
_c2016
650 _aMULTIMEDIA ARTS
856 _uhttp://pqdtopen.proquest.com/doc/1781226761.html?FMT=ABS
999 _c304296
_d304296